সুলতান জমজমা/ (Record no. 17936)
[ view plain ]
| 000 -LEADER | |
|---|---|
| fixed length control field | 00971nam a22002177a 4500 |
| 003 - CONTROL NUMBER IDENTIFIER | |
| control field | BDDh-ASL |
| 005 - DATE AND TIME OF LATEST TRANSACTION | |
| control field | 20250125114031.0 |
| 008 - FIXED-LENGTH DATA ELEMENTS--GENERAL INFORMATION | |
| fixed length control field | 200915b1969 ||||| |||| 00| 0 d |
| 040 ## - CATALOGING SOURCE | |
| Original cataloging agency | BDDh-ASL |
| Transcribing agency | BDDh-ASL |
| Modifying agency | BDDh-ASL |
| 041 ## - LANGUAGE CODE | |
| Language code of text/sound track or separate title | bengali |
| 082 ## - DEWEY DECIMAL CLASSIFICATION NUMBER | |
| Classification number | 297.18 |
| Item number | FAL |
| 100 ## - MAIN ENTRY--PERSONAL NAME | |
| 9 (RLIN) | 757 |
| Personal name | ফয়জুল্লাহ্, মীর |
| 245 1# - TITLE STATEMENT | |
| Title | সুলতান জমজমা/ |
| Statement of responsibility, etc. | মীর ফয়জুল্লাহ্; আবদুল গফুর (সম্পা.) |
| 246 ## - VARYING FORM OF TITLE | |
| Title proper/short title | Sultan Jamjama. |
| 260 ## - PUBLICATION, DISTRIBUTION, ETC. | |
| Place of publication, distribution, etc. | ঢাকা: |
| Name of publisher, distributor, etc. | কেন্দ্রিয় বাঙলা উন্নয়ন বোর্ড, |
| Date of publication, distribution, etc. | ১৯৬৯। |
| 300 ## - PHYSICAL DESCRIPTION | |
| Extent | ১৫৬ পৃষ্ঠা: |
| Dimensions | ২২ সে. মি.। |
| 504 ## - BIBLIOGRAPHY, ETC. NOTE | |
| Bibliography, etc. note | গ্রন্থপঞ্জি সংযুক্ত। |
| 650 #0 - SUBJECT ADDED ENTRY--TOPICAL TERM | |
| 9 (RLIN) | 758 |
| Topical term or geographic name entry element | ইসলামিক পাণ্ডুলিপি |
| General subdivision | ইসলাম ধর্ম |
| 700 ## - ADDED ENTRY--PERSONAL NAME | |
| 9 (RLIN) | 759 |
| Personal name | গফুর, আবদুল |
| 942 ## - ADDED ENTRY ELEMENTS (KOHA) | |
| Source of classification or shelving scheme | Dewey Decimal Classification |
| Koha item type | Books |
| Withdrawn status | Lost status | Source of classification or shelving scheme | Damaged status | Not for loan | Collection code | Home library | Current library | Shelving location | Date acquired | Source of acquisition | Total Checkouts | Full call number | Barcode | Date last seen | Copy number | Price effective from | Koha item type | Public note |
|---|---|---|---|---|---|---|---|---|---|---|---|---|---|---|---|---|---|---|
| Dewey Decimal Classification | Non-fiction | Asiatic Society Library | Asiatic Society Library | General Stacks | 09/15/2020 | Donated by Prof. (Dr.) M. Abdul Qayyum & Dr. Razia Sultana | 297.18 FAL | 101077 | 09/15/2020 | C-1 | 09/15/2020 | Books | Y-1969 |